000 00367 a2200157 4500
001 71764
020 _a8536801093
040 _cAnchieta - Colégio São Paulo
100 _aSavaget, Luciana
240 1 0 _aMeu padrinho, padre Cícero
_lpor
245 1 0 _aMeu padrinho, padre Cícero
300 _a39
362 0 _a2006
650 4 _aLiteratura juvenil
942 _cBK
999 _c71764
_d71764